000 00799aam a2200289 i 4500
001 768714001
003 CO-MdFUSB
005 20250506101332.0
007 ta
008 250506t1960 cr |||| |||| 00| 0 spa d
040 _cCO-MdFUSB
041 0 _aspa
082 0 4 _223
_a241.3
_bG7381s
100 1 _aGraham, Billy (1918-)
_eautor
245 1 4 _aLos siete pecados mortales
_c/ Billy Graham ; traducido por C. P. Denyer
264 1 _bCaribe,
_aSan José, Costa Rica :
_c[1960]
264 4 _c©1960
300 _a63 páginas
336 _atexto
_btxt
_2rdacontent
337 _2rdamedia
_asin mediación
_bn
338 _2rdacarrier
_avolumen
_bnc
563 _aRústico
650 0 _aVida cristiana
_919
700 _aDenyer, Carlos P.,
_911400
_etraductor
942 _cBK
945 _aJTF-925
999 _c36430
_d36430